| 000 | 00599nam a2200205 4500 | ||
|---|---|---|---|
| 001 | 139426 | ||
| 003 | ES-MaACL | ||
| 005 | 20230906195812.0 | ||
| 007 | t| | ||
| 008 | 070214s1971 sp r ||||1| spa d | ||
| 100 | 1 |
_aSchaff, Adam. _9104204 |
|
| 245 | 1 | 0 |
_aSociología e ideología / _cAdam Schaff ; [traducción: Jesús Hernández Valdeperas]. |
| 260 |
_aBarcelona : _bA. Redondo, _c1971. |
||
| 300 |
_a103 p. ; _c18 cm. |
||
| 490 | 1 | _aBeta | |
| 700 | 1 |
_aHernández Valdeperas, Jesús. _963065 |
|
| 830 | 0 |
_aBeta _9182807 |
|
| 852 |
_aES-MaACL _jC-42049 _bR.78546 |
||
| 999 |
_c139426 _d139426 |
||